[Event "Canovelles op-A"]
[Site "Canovelles"]
[Date "1999.??.??"]
[Round "9"]
[White "Fabre Massana, Miquel"]
[Black "Fernandez Gutierrez, Miquel"]
[Result "1/2-1/2"]
[WhiteElo "2265"]
[BlackElo "2155"]
[PlyCount "57"]
[EventDate "1999.??.??"]
[EventType "swiss"]
[EventRounds "9"]
[EventCountry "ESP"]
[SourceTitle "EXT 2000"]
[Source "ChessBase"]
[SourceDate "1999.11.16"]
[SourceVersion "1"]
[SourceVersionDate "1999.11.16"]
[SourceQuality "1"]

1. e4 c5 2. Nf3 Nc6 3. d4 cxd4 4. Nxd4 g6 5. Be3 Nf6 6. Nc3 Bg7 7. Be2 0-0 8. Qd2 d5 9. exd5 Nxd5 10. Nxd5 Qxd5 11. Bf3 Qe5 12. Nxc6 bxc6 13. 0-0 Ba6 14. Rfd1 Qxb2 15. Qa5 Qb5 16. Qxb5 Bxb5 17. a4 Bxa1 18. axb5 Bc3 19. Rd3 Ba5 20. Bxc6 Rad8 21. Bxa7 Rxd3 22. cxd3 Rd8 23. d4 e6 24. Kf1 Bc3 25. Bb6 Rb8 26. Ba7 Rd8 27. Bb6 Rb8 28. Bc7 Rf8 29. Bb6 1/2-1/2

[Event "Canovelles op-A"]
[Site "Canovelles"]
[Date "1999.??.??"]
[Round "8"]
[White "Fernandez Gutierrez, Miquel"]
[Black "Fernandez Gonzalez, Julio Honor"]
[Result "1/2-1/2"]
[WhiteElo "2155"]
[BlackElo "2050"]
[PlyCount "98"]
[EventDate "1999.??.??"]
[EventType "swiss"]
[EventRounds "9"]
[EventCountry "ESP"]
[SourceTitle "EXT 2000"]
[Source "ChessBase"]
[SourceDate "1999.11.16"]
[SourceVersion "1"]
[SourceVersionDate "1999.11.16"]
[SourceQuality "1"]

1. e4 e5 2. Nf3 Nc6 3. Bb5 a6 4. Ba4 Nf6 5. 0-0 Be7 6. Re1 b5 7. Bb3 d6 8. c3 0-0 9. d4 Na5 10. Bc2 c5 11. dxe5 dxe5 12. Qxd8 Bxd8 13. Nxe5 Re8 14. Nf3 Bb7 15. Nbd2 Bc7 16. b3 Rad8 17. Kf1 Nc6 18. h3 Ne5 19. Ba3 Nxf3 20. Nxf3 Bxe4 21. Bxe4 Nxe4 22. Rac1 c4 23. Rc2 Bb6 24. Rce2 f5 25. Ng5 Rd2 26. Bc1 Rxe2 27. Rxe2 h6 28. Nxe4 Rxe4 29. f3 Rxe2 30. Kxe2 h5 31. bxc4 bxc4 32. Be3 Bc7 33. Kd2 Kf7 34. Kc2 Ke6 35. Kb2 Bd6 36. Bd4 g6 37. Kc2 Kd5 38. Kd2 Bg3 39. Kc2 g5 40. Kd2 Bd6 41. Kc2 g4 42. Kd2 Bf4+ 43. Kc2 Bg5 44. Kd1 Bh6 45. Kc2 Bf8 46. Kd2 Ba3 47. Ke2 Bd6 48. Kd2 Bf4+ 49. Ke2 Bg5 1/2-1/2